|
|
|
|
| LEADER |
00878nab#a2200289#ar4500 |
| 001 |
000043613 |
| 003 |
SVKKK |
| 005 |
00000000000000.0 |
| 008 |
c xo e sloo |
| FMT |
|
|
|
| 038 |
|
|
|a SVKKK
|
| 040 |
|
|
|a SVKKK
|b slo
|e AACR2
|
| 041 |
0 |
|
|a slo
|
| 044 |
|
|
|a xo
|c SK
|
| 080 |
|
|
|a 697.3
|2 1981
|
| 100 |
0 |
|
|a (oš)
|4 aut
|
| 245 |
1 |
0 |
|a Do vykurovacieho obdobia ukončia prvú etapu rekonštrukcie :
|b Stavebné úpravy starej uhoľnej kotolne v Moldave nad Bodvou zavŕši nová strecha
|c (oš) ,
|
| 650 |
0 |
4 |
|a kotolne plynovodné
|x zavádzanie
|z Moldava nad Bodvou (KS)
|x priebeh
|x informácie
|
| 650 |
0 |
4 |
|a kotolne uhoľné
|x rekonštrukcia
|
| 773 |
0 |
|
|t Košický denník
|g Roč. 1, č. 123(1999), dát. 0830, s. 11
|
| 957 |
|
|
|a Moldava nad Bodvou
|
| 958 |
|
|
|a KS
|
| 974 |
|
|
|d 991116
|a Čr
|
| 992 |
|
|
|a RBX
|
| BAS |
|
|
|
| 852 |
|
|
|a SVKKK
|b BIB
|
| 998 |
|
|
|a REG
|